000
00335pab a2200145 454500
008
180718b1990 xxu||||| |||| 00| 0 eng d
100
_a
Natesan, S.
245
_a
Vocational guidance for the handicapped
260
_c
1990
300
_a
19-36
362
_a
May
650
_a
Handicapped
773
_a
Social Welfare
909
_a
10062
999
_c
10062
_d
10062